| 000 | 01742nam a2200505 i 4500 | ||
|---|---|---|---|
| 001 | 30647 | ||
| 003 | KOSZ 005 | ||
| 005 | 20201028083130.0 | ||
| 008 | 980702s1995 pl a f |000 0 pol | ||
| 015 | _aUWD 1996/1488 | ||
| 020 | _a8385805206 | ||
| 035 | _a991003885709705066 | ||
| 035 | _a(PL-WaBN)b11035845-48omnis_nlop | ||
| 035 | _ab11035845 | ||
| 035 | _a(OCoLC)233498761 | ||
| 035 | _a(PL)b0000001103584 | ||
| 035 | _a(EXLNZ-48OMNIS_NETWORK)9910121693005606 | ||
| 040 |
_aWA N _cWA N _dKOSZ 005/EG |
||
| 046 | _k1992 | ||
| 080 | _a349.6 | ||
| 080 | _a628.5 | ||
| 080 | _a(438) | ||
| 245 | 0 | 0 |
_aOchrona środowiska w Polsce : _binformator o przepisach prawnych, procedurach administracyjnych i instytucjach / _cpod red. Janusza Żurka ; Instytut Ochrony Środowiska. |
| 250 |
_aWyd. 2 zm. / _b[zespół aut. Jan Borzyszkowski et al.]. |
||
| 260 |
_aWarszawa : _bIOŚ, _c1995. |
||
| 300 |
_a186 s. : _berr. ; _c24 cm. |
||
| 336 |
_aTekst _btxt _2rdacontent |
||
| 337 |
_aBez urządzenia pośredniczącego _bn _2rdamedia |
||
| 338 |
_aWolumin _bnc _2rdacarrier |
||
| 380 | _aKsiążki | ||
| 388 | _a1901-2000 | ||
| 388 | _a1989-2000 | ||
| 504 | _aBibliogr. s. 183-186, ważniejsze akty prawne s. 111-135. | ||
| 650 | 7 | _aPrawo | |
| 650 | 7 | _aOchrona środowiska | |
| 651 | 7 |
_aPolska _2DBN |
|
| 655 | 7 |
_aInformator _2DBN |
|
| 658 | _aPrawo i wymiar sprawiedliwości | ||
| 700 | 1 |
_aBorzyszkowski, Jan _eAutor |
|
| 700 | 1 |
_aŻurek, Janusz _eRedakcja |
|
| 710 | 2 |
_aInspekcja Ochrony Środowiska _4pbl |
|
| 856 |
_uhttp://koha.tu.koszalin.pl/cgi-bin/koha/opac-detail.pl?biblionumber=30647 _yKatalog online BPK |
||
| 942 |
_2UKD _cKS |
||
| 999 |
_c30647 _d30647 |
||